| 000 | 00788nam a22002177a 4500 | ||
|---|---|---|---|
| 003 | UA-OsUOA | ||
| 001 | 68613 | ||
| 007 | ta | ||
| 008 | 20100507b un ||||| |||| 00| 0 ukr d | ||
| 100 | _aФіліпова І. | ||
| 090 |
_a94(477) _bФ68 |
||
| 942 | _cSA | ||
| 040 |
_aUA-OsUOA _bukr _cUA-OsUOA _dUA-OsUOA |
||
| 245 | _a"Освєнцім". Ревір. Полковник медслужби Алпатова. Свідчення Марії Яківни Баришполь-Степаненко, 1924 р.н., про ув'язнення в концтаборі "Освєнцім-Бжезінка" | ||
| 300 | _aС.5 | ||
| 955 | _a0 | ||
| 041 | _aukr | ||
| 080 | _a94(477) | ||
| 773 | 0 | _w68612 | |
| 650 | 7 |
_a9 Географія. Біографії. Історія _2UDC |
|
| 999 |
_c354868 _d354868 |
||